Welcome to CU Library Online Public Access Catalogue (OPAC)

Following God's plan for your life / (Record no. 7473)

MARC details
000 -LEADER
fixed length control field 00498cam a22001697a 4500
001 - CONTROL NUMBER
control field 3950512
005 - DATE AND TIME OF LATEST TRANSACTION
control field 20250908102927.0
008 - FIXED-LENGTH DATA ELEMENTS--GENERAL INFORMATION
fixed length control field 930629s1993 okua 000 0 eng
020 ## - INTERNATIONAL STANDARD BOOK NUMBER
International Standard Book Number 0892765194
020 ## - INTERNATIONAL STANDARD BOOK NUMBER
International Standard Book Number 9780892765195
050 00 - LIBRARY OF CONGRESS CALL NUMBER
Classification number MLCS 94/07323 (B)
100 1# - MAIN ENTRY--PERSONAL NAME
Personal name Hagin, Kenneth E.,
Dates associated with a name 1917-2003.
245 10 - TITLE STATEMENT
Title Following God's plan for your life /
Statement of responsibility, etc. Kenneth E. Hagin.
260 ## - PUBLICATION, DISTRIBUTION, ETC.
Place of publication, distribution, etc. Tulsa, OK :
Name of publisher, distributor, etc. Faith Library Publications,
Date of publication, distribution, etc. c1993.
300 ## - PHYSICAL DESCRIPTION
Extent 177 p. :
Other physical details ill. ;
Dimensions 22 cm.
942 ## - ADDED ENTRY ELEMENTS (KOHA)
Source of classification or shelving scheme Library of Congress Classification
Koha item type Books
Suppress in OPAC No
999 ## -
-- 7473
-- 7473
Holdings
Withdrawn status Lost status Source of classification or shelving scheme Damaged status Not for loan Collection Home library Current library Shelving location Date acquired Total checkouts Barcode Date last seen Copy number Price effective from Koha item type
    Library of Congress Classification     Non-fiction Undergraduate Library (Christ Temple) Undergraduate Library (Christ Temple) General stacks 09/08/2025   ulct00004654 09/08/2025 1 09/08/2025 Books
© 2023-2024 Copyright: Central University Libraries. All Rights Reserved | Created by: Mahone Tech Office